Music Quiz

Random Music or Billboard Quiz
Score 0/100 Timer 10:00
11 Plays Today
# Artist % Correct
4Rihanna featuring Drake
96.3%
29Drake featuring Rihanna
96.2%
25Major Lazer featuring Justin Bieber & MØ
95.9%
2Justin Bieber
95.8%
47DJ Snake featuring Justin Bieber
95.8%
1Justin Bieber
95.8%
31Justin Bieber
95.7%
82Drake featuring The Throne
95.1%
37Drake & Future
94.3%
3Drake featuring WizKid & Kyla
94.3%
59DJ Khaled featuring Drake
94.3%
24Drake
94.3%
41Drake
94.2%
7Adele
92.3%
26Adele
92.2%
83Adele
92.2%
30Future featuring The Weeknd
89.3%
58The Weeknd featuring Daft Punk
88.7%
32The Weeknd
88.5%
61The Weeknd
88.5%
72The Weeknd
88.5%
17Calvin Harris featuring Rihanna
87.2%
50Charlie Puth featuring Selena Gomez
83.6%
13Rihanna
83.1%
9Justin Timberlake
82.8%
77Ariana Grande featuring Nicki Minaj
81.4%
11Sia featuring Sean Paul
81%
36Ariana Grande
80.2%
51Ariana Grande
80.2%
99Wiz Khalifa featuring Charlie Puth
78.8%
86Shawn Mendes & Camila Cabello
78.2%
23Shawn Mendes
78.2%
28Shawn Mendes
78.2%
5Twenty One Pilots
78.1%
# Artist % Correct
21Twenty One Pilots
78.1%
20Twenty One Pilots
78.1%
40Selena Gomez
77%
56Selena Gomez
77%
10The Chainsmokers featuring Halsey
76.6%
8The Chainsmokers featuring Daya
76.2%
93Fifth Harmony featuring Fetty Wap
74.5%
27The Chainsmokers featuring Rozes
74.2%
22ZAYN
72.8%
43Charlie Puth
72.8%
16Fifth Harmony featuring Ty Dolla $ign
69.9%
79Taylor Swift
67.4%
18DNCE
66.3%
68Lil Wayne, Wiz Khalifa, Imagine Dragons, Logic, Ty Dolla $ign, & X Ambassadors
63%
14Flo Rida
62.1%
87Fat Joe & Remy Ma featuring French Montana & Infared
62%
42Meghan Trainor featuring John Legend
61.1%
45Meghan Trainor
59.1%
62Meghan Trainor
59.1%
15Mike Posner
58.6%
85Major Lazer & DJ Snake featuring MØ
57.9%
6Desiigner
56.8%
98Desiigner
56.7%
33P!nk
56.1%
12Lukas Graham
56%
73Coldplay
54.5%
95Coldplay
54.5%
54Fetty Wap featuring Remy Boyz
47.9%
19G-Eazy & Bebe Rexha
44.1%
71Beyoncé
42.5%
88Silento
42.1%
78Daya
40.9%
84Daya
40.9%
63Elle King
40.3%
# Artist % Correct
69Yo Gotti featuring Nicki Minaj
38.6%
34D.R.A.M. featuring Lil Yachty
36.6%
65Post Malone
35.7%
97Future
35.6%
80DJ Snake featuring Bipolar Sunshine
34.6%
39Alessia Cara
34.2%
94Hailee Steinfeld & Grey featuring Zedd
33.9%
38gnash featuring Olivia O'Brien
33.3%
66Nick Jonas featuring Tove Lo
31.5%
67X Ambassadors
30.9%
100One Direction
30.5%
75Travi$ Scott
27%
81Ellie Goulding
26.5%
90Usher featuring Young Thug
25.6%
46Zara Larsson & MNEK
24.4%
49Florida Georgia Line
24.3%
57Kevin Gates
23.1%
53Bryson Tiller
23.1%
92Kevin Gates
23.1%
35Bryson Tiller
23.1%
76Ruth B
22%
89Chris Brown
20.5%
44James Bay
19.8%
64Thomas Rhett
18.5%
55Jeremih
18.2%
52Kiiara
16.8%
60Flume featuring Kai
16.7%
70Tory Lanez
16.4%
74Tory Lanez
16.4%
48Kent Jones
16.2%
96Tim McGraw
15.8%
91O.T. Genasis featuring Young Dolph
10.6%
Remove Ads.
Support Sporcle.
Get the best of Sporcle when you Go Orange. This ad-free experience offers more features, more stats, and more fun while also helping to support Sporcle. Thank you for becoming a member.

You're not logged in!

Compare scores with friends on all Sporcle quizzes.
OR
Log In

Show Comments

Extras

Top Quizzes Today


Score Distribution

Your Account Isn't Verified!

In order to create a playlist on Sporcle, you need to verify the email address you used during registration. Go to your Sporcle Settings to finish the process.

Report this User

Report this user for behavior that violates our Community Guidelines.

Details: